Domain Adaptation of Deep Neural Networks for Automatic Speech Recognition via Wireless Sensors

Elmentve itt :
Bibliográfiai részletek
Szerzők: Gosztolya Gábor
Grósz Tamás
Dokumentumtípus: Cikk
Megjelent: 2016
Sorozat:JOURNAL OF ELECTRICAL ENGINEERING-ELEKTROTECHNICKY CASOPIS 67 No. 2
doi:10.1515/jee-2015-0017/

mtmt:3085176
Online Access:http://publicatio.bibl.u-szeged.hu/8772
LEADER 00757nab a2200205 i 4500
001 publ8772
005 20190605135628.0
008 170206s2016 hu o 0|| angol d
022 |a 1335-3632 
024 7 |a 10.1515/jee-2015-0017/  |2 doi 
024 7 |a 3085176  |2 mtmt 
040 |a SZTE Publicatio Repozitórium  |b hun 
041 |a angol 
100 1 |a Gosztolya Gábor 
245 1 0 |a Domain Adaptation of Deep Neural Networks for Automatic Speech Recognition via Wireless Sensors  |h [elektronikus dokumentum] /  |c  Gosztolya Gábor 
260 |c 2016 
300 |a 124-130 
490 0 |a JOURNAL OF ELECTRICAL ENGINEERING-ELEKTROTECHNICKY CASOPIS  |v 67 No. 2 
700 0 1 |a Grósz Tamás  |e aut 
856 4 0 |u http://publicatio.bibl.u-szeged.hu/8772/1/2_116_07_u.pdf  |z Dokumentum-elérés